• 首页
  • 本馆介绍
  • 公告通知
  • 最新文献
  • 馆藏检索
  • 电子资源
  • 读者导购
  • 参考咨询
  • 我的图书馆
  • 登录
  • 详细信息显示
  • 放入我的书架
  • 预约/预借图书
  • 作者相关作品
  • 分类相关作品
  • 丛书相关作品
  • 出版社相关作品

书目信息

  • 表格格式
  • 工作单格式
  • 卡片格式
题名:
木材学
    
 
作者: 刘一星 , 赵广杰 主编
分册:  
出版信息: 北京   中国林业出版社  2012
页数: 398页
开本: 26cm
丛书名:
单 册:
中图分类: S781
科图分类:
主题词: 木材学--高等学校--教材
电子资源:
ISBN: 978-7-5038-6829-0
000 01047nam0 2200277 450
001 012015000194
005 20150914163853.14
010    @a978-7-5038-6829-0@dCNY42.00
100    @a20130217d2012 em y0chiy50 ea
101 0  @achi
102    @aCN@b110000
105    @aa z 000yy
106    @ar
200 1  @a木材学@Amu cai xue@f刘一星,赵广杰主编
205    @a2版
210    @a北京@c中国林业出版社@d2012
215    @a398页@c图@d26cm
300    @a普通高等教育“十一五”国家级规划教材 高等院校木材科学与工程专业规划教材
330    @a本书共分为4篇:木材资源材料;竹类资源材料;藤类、灌木类资源材料;作物秸秆类资源材料。书中除对木材资源材料详细介绍之外,对其他各种木质资源材料,主要从资源分布、生物结构和解剖构造、化学和物理性质几个方面加以介绍;主要介绍木质资源材料的解剖构造和各种基本性质等。
510 1  @aWood science@zeng
606 0  @a木材学@x高等学校@j教材
690    @aS781@v5
701  0 @a刘一星@Aliu yi xing@4主编
701  0 @a赵广杰@Azhao guang jie@4主编
801  0 @aCN@b碧洲教育@c20150716
905    @a10447@f4@dS781@e80=2
    
    木材学/刘一星,赵广杰主编.-2版.-北京:中国林业出版社,2012
    398页:图;26cm
    普通高等教育“十一五”国家级规划教材 高等院校木材科学与工程专业规划教材
    
    ISBN 978-7-5038-6829-0:CNY42.00
    本书共分为4篇:木材资源材料;竹类资源材料;藤类、灌木类资源材料;作物秸秆类资源材料。书中除对木材资源材料详细介绍之外,对其他各种木质资源材料,主要从资源分布、生物结构和解剖构造、化学和物理性质几个方面加以介绍;主要介绍木质资源材料的解剖构造和各种基本性质等。
●
相关链接 在E读中查询图书 在五车中查询图书 在当当中查询图书 在豆瓣中查询图书


正题名:木材学     索取号:S781/80=2         预约/预借

序号 登录号 条形码 馆藏地/架位号 状态 备注
1 0870304   208703045   第二样本阅览室/ [索取号:S781/80=2] 在馆    
2 0870305   208703054   第三借阅区/ [索取号:S781/80=2] 在馆    
3 0870306   208703063   第三借阅区/ [索取号:S781/80=2] 在馆    
4 0870307   208703072   第三借阅区/ [索取号:S781/80=2] 在馆    
唐山师范学院图书馆 欢迎您!
大连网信软件有限公司© 版权所有